000 00322nam a2200157Ia 4500
100 _aButcher/Anthony
250 _a2
942 _cBK
654 _amysql
245 _aTeach yourself MYSQL in 21days
260 _bPearson Education
_c2003
082 _a5.72
_bBUT
300 _a608
546 _aENGLISH
999 _c19252
_d19252